=LDR 00000nam 2200000 4500 =001 INLIS000000000025413 =005 20200615110114 =035 ##$$a 0010-061300000025413 =008 200615################g##########0#ind## =041 ##$$a Ind =082 ##$$a 2X4.1 =090 ##$$a 2x3.31, Alb r =100 1#$$a Al-Bukhori, Jefri =245 1#$$a Remaja mencari Tuhan /$c Ust. Jefri Al Bukhori =260 ##$$a Jakarta :$b Pustaka Al Mawardi,$c 2007 =300 ##$$a 131 hlm, ; $c 13 x 19 cm =650 #4$$a Nasehat remaja =850 ##$$a NBPNMAT =084 ##$$a 2X4.1 Alb r =250 ##$$a cet.1 =990 ##$$a 30702039 =990 ##$$a 20706654 =990 ##$$a 20706653